00745nam a2200229 a 450000100060000000300080000600500170001400800410003103500190007203500180009104000250010904100080013408200250014210000290016724500580019626000350025430000370028965000230032694200120034999900170036195201370037842403BD-RjUL20211209053533.0160612s1959 xx 000 0 eng  a(BD-RjUL)42521 a(OCoLC)168844 aDLCcODaWUdDLCbeng aeng 223 a330 bBRE 1959 1 aBrandis, Royall.913043310aEconomics: principles and policy / cRoyall Brandis  aHomewood :bR.D. Irwin,c1959. axvii, 340 p. :bill. ; c24 cm.  0aEconomics.9130435 2ddccBK c42403d42403 00102ddc40708NFICaRUCLbRUCLcStackd1963-01-27eZeithlingerg47.00l0o330 BRE 1959r2016-06-12 00:00:00tC-2w2016-06-12yBK